00305nam a2200121Ia 4500008004100000041000800041082001500049100001500064245003700079260002300116300003200139365001200171240624s9999 xx 000 0 und d aeng a346.42 MEL aMELIN LEIF aSAGE HANDBOOK OF FAMILY BUSINESS c2014aLondonbSage axxiv, : 670 : p. : cm. ; 25 cGBPb38